| 000 | 00937cab a22002655a 4500 | ||
|---|---|---|---|
| 001 | L154641 | ||
| 008 | 120109e20120106xxkdo f s 000 0 eng d | ||
| 035 | _a(Sirsi) u154641 | ||
| 041 | 0 | _aeng | |
| 100 | 1 | _aTrajkovic, Sasa | |
| 245 | 0 | 0 |
_aCountry focus _bthe Balkans |
| 260 | _c2012 | ||
| 490 | 0 |
_aBuilding _v277 (8709) 6 January 2012, 50-52(3) |
|
| 520 | _aSerbia, Croatia, Montenegro, Bosnia and Herzegovina, and Macedonia were hit hard by the 2009 global recession and now the EU debt crisis is threatening their recovery. Economic overview, the real estate market in Serbia and Croatia, investment, construction industry, and labour. | ||
| 590 | _aKA | ||
| 651 | 4 | _aSerbia | |
| 651 | 4 | _aCroatia | |
| 651 | 4 | _aMontenegro | |
| 651 | 4 | _aBosnia and Herzegovina | |
| 651 | 4 | _aMacedonia | |
| 651 | 4 | _aEurope | |
| 690 | _aBUILT ENVIRONMENT-CONSTRUCTION MARKET | ||
| 690 | _aBUILT ENVIRONMENT-BUILDING COSTS | ||
| 942 | _n0 | ||
| 999 |
_c83694 _d83694 |
||